000 00618nas a2200229 4500
001 BR9604013
003 BR-BrBNA
005 20231205094841.0
007 ta
008 230509b bl.|||p| |||| 00| 00por d
040 _aBR-BrBNA
_bpor
_cBiblioteca Nacional de Agricultura
041 _a(Pt)
072 _aL74
100 1 _aGrigoletti, C.
245 1 _aAscite x temperatura
650 _aFrango
650 _aTemperatura
650 _aDisturbio Fisiologico
773 0 _tRevista Batavo (Brazil)
_x
_g(May 1994), v. 3(31) p. 18-19
_wBR9604013
909 _a202311
_bLúcia
_c55
_dLúcia Elande
942 _2AGRIS
_n0
_cANA
999 _c147317
_d147317